01272cam a22003011 4500001001300000003000400013005001700017007001500034008004100049010001700090035001800107040002700125050002300152051002500175086001600200100005100216245006800267260004300335300004400378490002900422501016300451504012500614530006900739650002200808650002700830830006200857856005100919gs 09000055 DLC20260227111308.0cr_|||||||||||720327s1909 dcuab 001 0 eng  ags 09000055  a(OCoLC)271139 aDLCcODaWUdNmSoIdDLC00aTC801b.U2 no. 221 aGB705.M9bF6cCopy 20 aI 19.13:2211 aFisher, Cassius A.q(Cassius Asa),d1872-1930.10aGeology and water resources of the Great Falls region, Montana. aWashington,bGovt. Print. Off.,c1909. a89 p.billus., maps (one fold.)c23 cm.1 aWater-supply paper,v221 aTC801.U2 no. 221 with : Water-supply investigations in Alaska, 1906-1907. Washington : Govt. Print. Off., 1908. Bound together subsequent to publication.5DLC a"Bibliography of the more important papers relating to the water resources of the Great Falls region, Montana": p. 9-10. aAlso available in digital form on the Internet Archive Web site. 0aGeologyzMontana. 0aWater-supplyzMontana. 0aWater-supply paper (Geological Survey (U.S.)) ;vno. 221.41uhttp://hdl.loc.gov/loc.gdc/scd0001.00199538251